Understanding tourism
Saved in:
| Main Author: | |
|---|---|
| Format: | Book |
| Language: | English |
| Published: |
Oxford :
Butterworth-Heinemann,
1997
|
| Subjects: | |
| Tags: |
Add Tag
No Tags, Be the first to tag this record!
|
MARC
| LEADER | 00000nam a2200000 i 4500 | ||
|---|---|---|---|
| 001 | 1/64042 | ||
| 008 | 980803s1997 eng d | ||
| 020 | |a 0750636548 | ||
| 035 | |l 10029359 | ||
| 040 | |a GR-MY-UA |b gre |e aacr | ||
| 041 | 0 | |a eng | |
| 082 | 0 | |a 338.4791 | |
| 100 | 1 | |a Medlik, S. | |
| 245 | 1 | 0 | |a Understanding tourism / |c S. Medlik |
| 260 | |a Oxford : |b Butterworth-Heinemann, |c 1997 | ||
| 300 | |a x, 236 σ. | ||
| 504 | |a Περιλαμβάνει βιβλιογραφικές παραπομπές και ευρετήριο | ||
| 650 | 0 | 0 | |a Tourism. |
| 852 | |a INST |b CHIOS |e 19981021 |h 338.4791 MED |p 005200015485 |q 005200015485 |t BK |y 0 | ||
| 852 | |a INST |b CHIOS |e 19980803 |h 338.4791 MED |p 005200015960 |q 005200015960 |t BK |y 0 | ||
| 901 | |a BIBL-1998-2 | ||
| 909 | |a Χ |b 058235 | ||
| 909 | |a X |b 054928 | ||
| 922 | |a 2ΕΛΗ |b 199807 |c ΤΔΕ |d ΠΑΠΑΣΩΤΗΡΙΟΥ | ||
| 922 | |a 2ΔΩΡ |b 199810 |c ΤΔΕ |d GLORYBOOK-ECONOMIST | ||